| 000 | 006240000a22001810004500 | ||
|---|---|---|---|
| 003 | MACL | ||
| 005 | 20160602162334.0 | ||
| 008 | 160602b xxu||||| |||| 00| 0 eng d | ||
| 040 |
_aMACL _cMACL |
||
| 041 | _aHindi | ||
| 082 | _a920 | ||
| 100 |
_aसाहिल, संजीव मनोहर _961819 |
||
| 245 |
_aमास्टर ब्लास्टर सचिन तेंदुलकर _cसंजीव मनोहर साहिल |
||
| 260 |
_bपी एन प्रकाशन _c2004 _aदिल्ली |
||
| 350 | _a175 | ||
| 650 |
_aBiography _961820 |
||
| 942 |
_cHIN _k920/MAN _2ddc |
||
| 999 |
_c18525 _d18525 |
||